000 00669nam a2200217 i 4500
001 139706
003 ES-MaACL
005 20230906195900.0
007 t|
008 070214s1968 sp r ||||1| spa d
100 1 _aSchillebeekx, Edward.
_9187142
245 1 0 _aDios y el hombre
_b: ensayos teológicos /
_cEdward Schillebeekx ; [tradujo: Alfonso Ortiz García].
260 _aSalamanca :
_bSígueme,
_c1968.
300 _a362 p. ;
_c19 cm.
490 1 _aVerdad e Imagen ;
_v4
650 0 4 _aDios.
_911900
700 1 _aOrtiz García, Alfonso.
_987618
830 0 _aVerdad e Imagen ;
_v4
_9182105
852 _aES-MaACL
_jC-35301
_bR.68193
999 _c139706
_d139706